000 00902nam a2200277Ia 4500
008 160319s9999 xx 000 0 und d
020 _a9789710426072
050 _a321.8
050 _bR696a 2009
100 _aRodriguez, Agustin Martin
245 _aDemocratizing governance /
245 _cAgustin Martin G. Rodriquez, Teresita Asuncion M. Lacandula-Rodriguez, editor.
260 _aQuezon City :
260 _bAteneo de Manila University Press
260 _c2009
300 _axx, 157 pages ;
300 _c23 cm.
440 _aAgenda for hope : ideas on building a nation ; [v. 1]
500 _aNumbered arbitrarily.
650 _aDemocratization -- Philippines.
650 _aPhilippines --
650 _aPolitical participation -- Philippines.
650 _xPolitics and government.
700 _aLacandula-Rodriguez, author
700 _aTeresita Asuncion M., author
999 _c292113
_d292113